| 000 | 00713 a2200217 4500 | ||
|---|---|---|---|
| 020 | _a0071140476 | ||
| 020 | _a9780071140478 | ||
| 090 |
_c2358 _d2358 |
||
| 100 | 1 | _aBaker, Richard E. | |
| 245 | 1 | 0 |
_aAdvanced financial accounting / _cRichard E. Baker. |
| 250 | _a3Rev Ed ed. | ||
| 260 |
_a[S.l.] : _bMcGraw-Hill Education (ISE Editions), _c1995. |
||
| 300 | _a1312 p. | ||
| 500 | _aImport. | ||
| 500 | _aPaperback. | ||
| 700 | 1 | _aLembke, Valdean C. | |
| 700 | 1 | _aKing, Thomas E. | |
| 856 | 4 | 0 |
_3Amazon.com _uhttp://www.amazon.com/exec/obidos/ASIN/0071140476/chopaconline-20 |
| 856 | 4 | 0 |
_3Amazon customer reviews _uhttp://www.chopac.org/cgi-bin/tools/azrev.pl?q=0071140476 |
| 942 |
_aNBS _cBK _k657.046 RIC |
||
| 999 |
_c344856 _d344856 |
||